Результаты эксплуатационных испытаний работы водооборотного цикла промышленного предприятия в беспродувочном режиме с применением цинк-бихромат-фосфатного ингибитора коррозии и отложений солей жесткости; Известия Томского политехнического университета [Известия ТПУ]; Т. 310, № 2

Podrobná bibliografie
Parent link:Известия Томского политехнического университета [Известия ТПУ]/ Томский политехнический университет (ТПУ).— , 2000-
Т. 310, № 2.— 2007.— [С. 144-148]
Hlavní autor: Ушаков Г. В.
Další autoři: Солодов Г. А.
Shrnutí:Заглавие с титульного листа
Электронная версия печатной публикации
Перевод водооборотного цикла промышленного предприятия на беспродувочный режим работы позволил исключить сброс в промливневую канализацию оборотной воды и уменьшить суммарное количество промливневых сточных вод, сбрасываемых в реку Томь. Одновременно снизился расход свежей речной воды на подпитку водооборотного цикла.
Jazyk:ruština
Vydáno: 2007
Edice:Химия
Témata:
On-line přístup:http://www.lib.tpu.ru/fulltext/v/Bulletin_TPU/2007/v310/i2/32.pdf
Médium: MixedMaterials Elektronický zdroj Kapitola
KOHA link:https://koha.lib.tpu.ru/cgi-bin/koha/opac-detail.pl?biblionumber=172144

MARC

LEADER 00000nla2a2200000 4500
001 172144
005 20231031164224.0
035 |a (RuTPU)RU\TPU\book\186639 
035 |a RU\TPU\book\186637 
090 |a 172144 
100 |a 20091210d2007 k y0rusy50 ca 
101 0 |a rus 
102 |a RU 
135 |a drnn ---uucaa 
181 0 |a i  
182 0 |a b 
200 1 |a Результаты эксплуатационных испытаний работы водооборотного цикла промышленного предприятия в беспродувочном режиме с применением цинк-бихромат-фосфатного ингибитора коррозии и отложений солей жесткости  |b Электронный ресурс  |f Г. В. Ушаков, Г. А. Солодов 
203 |a Текст  |c электронный 
215 |a 1 файл (331 Кб) 
225 1 |a Химия 
230 |a Электронные текстовые данные (1 файл : 331 Кб) 
300 |a Заглавие с титульного листа 
300 |a Электронная версия печатной публикации 
320 |a [Библиогр.: с. 148 (6 назв.)] 
330 |a Перевод водооборотного цикла промышленного предприятия на беспродувочный режим работы позволил исключить сброс в промливневую канализацию оборотной воды и уменьшить суммарное количество промливневых сточных вод, сбрасываемых в реку Томь. Одновременно снизился расход свежей речной воды на подпитку водооборотного цикла. 
337 |a Adobe Reader 
461 1 |0 (RuTPU)RU\TPU\book\176237  |t Известия Томского политехнического университета [Известия ТПУ]  |f Томский политехнический университет (ТПУ)  |d 2000- 
463 1 |0 (RuTPU)RU\TPU\book\186512  |x 1684-8519  |t Т. 310, № 2  |v [С. 144-148]  |d 2007  |p 269 с. 
610 1 |a эксплуатационные испытания 
610 1 |a водооборотный цикл 
610 1 |a промышленные предприятия 
610 1 |a беспродувочный режим 
610 1 |a цинк-бихромат-фосфатный ингибитор 
610 1 |a коррозии 
610 1 |a отложения 
610 1 |a соли 
610 1 |a жесткость 
610 1 |a промливневая канализация 
610 1 |a оборотная вода 
610 1 |a промливневые сточные воды 
610 1 |a Томь 
610 1 |a расход 
610 1 |a речные воды 
610 1 |a подпитка 
610 1 |a электронный ресурс 
700 1 |a Ушаков  |b Г. В. 
701 1 |a Солодов  |b Г. А. 
801 1 |a RU  |b 63413507  |c 20090623  |g PSBO 
801 2 |a RU  |b 63413507  |c 20211115  |g PSBO 
856 4 |u http://www.lib.tpu.ru/fulltext/v/Bulletin_TPU/2007/v310/i2/32.pdf 
942 |c CF